Runagogia Reflexiones para la creación de una pedagogía popular /

Đã lưu trong:
Chi tiết về thư mục
Tác giả chính: Rivera Pizarro, Jorge
Định dạng: Sách
Ngôn ngữ:Spanish
Được phát hành: Quito, Ecuador Corporación Ecuatoriana para el Desarrollo de la Comunicación, CEDECO 1987
Phiên bản:1. era edición
Loạt:Cuaderno pedagógico
Những chủ đề:
Các nhãn: Thêm thẻ
Không có thẻ, Là người đầu tiên thẻ bản ghi này!

MARC

LEADER 00000nam a22000007a 4500
003 cru CIDCACS/IIS
005 20220318062535.0
008 170505b1987 ec ao||| |||||0|| ||spa d
040 |c CRAI/IIS  |a CRAI/IIS 
090 |a 00.00.00 Rxxr 
100 1 |9 4558  |a Rivera Pizarro, Jorge 
245 1 0 |a Runagogia  |b Reflexiones para la creación de una pedagogía popular /  |c Jorge Rivera Pizarro 
250 |a 1. era edición 
260 |a Quito, Ecuador  |b Corporación Ecuatoriana para el Desarrollo de la Comunicación, CEDECO  |c 1987 
300 |a 64 páginas 
440 |9 4559  |a Cuaderno pedagógico  |n 10 
500 |a Colección Alforja 
650 1 0 |9 944  |a EDUCACION 
650 1 0 |9 4560  |a APRENDIZAJE 
650 1 0 |a TRABAJO  |9 27 
650 1 0 |9 747  |a ZONAS RURALES 
650 1 0 |9 4082  |a CIENCIAS DE LA EDUCACION  
650 1 0 |9 291  |a EDUCACION POPULAR 
650 1 7 |9 624  |a CAMPESINADO 
651 1 0 |9 17  |a AMERICA LATINA 
942 |2 ddc  |c LI 
999 |c 19274  |d 19274